| 000 | 00406 a2200157 4500 | ||
|---|---|---|---|
| 999 |
_c12789 _d12789 |
||
| 003 | OSt | ||
| 005 | 20240716162902.0 | ||
| 008 | 240716b ||||| |||| 00| 0 eng d | ||
| 020 | _a9781946226617 | ||
| 082 | _a720 | ||
| 100 | _aOscar Riera Ojeda (Editor) | ||
| 245 | _aField Architecture: Conversations with the Land | ||
| 260 |
_bOscar Riera Ojeda Publishers _c2024 |
||
| 300 | _a393p; | ||
| 942 | _2ddc | ||